|
|
|
|
| LEADER |
00776cam a2200241 7i4500 |
| 001 |
0000027741 |
| 005 |
20200611090000.0 |
| 008 |
090617 eng |
| 020 |
|
|
|a 9781405155182 (pbk.)
|
| 040 |
|
|
|a OhCoOLI
|
| 090 |
0 |
0 |
|a RC65
|b .G64 2007
|
| 100 |
1 |
|
|a Gleadle, Jonathan
|
| 245 |
1 |
0 |
|a History and examination at a glance
|c Jonathan Gleadle.
|
| 250 |
|
|
|a 2nd ed.
|
| 260 |
|
|
|a Malden, Mass.:
|b Blackwell Pub.,
|c 2007.
|
| 300 |
|
|
|a 212 p.:
|b col. ill.;
|c 28 cm.
|
| 490 |
0 |
|
|a At a glance series
|
| 500 |
|
|
|a Includes index
|
| 650 |
0 |
0 |
|a Medical history taking
|
| 650 |
0 |
0 |
|a Physical diagnosis
|
| 997 |
|
|
|a Health Sciences, Faculty
|
| 999 |
|
|
|a 0000036752
|b BOK
|c OPEN SHELF
|e 1st Floor, Shah Alam
|
| 999 |
|
|
|a 0000048485
|b BOK
|c OPEN SHELF
|e 1st Floor, Shah Alam
|